000 00605cam a2200217 4500500
005 20260405001259.0
041 _afre
042 _adc
100 1 0 _aLegros, Martin
_eauthor
245 0 0 _aRousseau vs. Hobbes
260 _c2012.
500 _a6
690 _aContrat social
690 _aHobbes
690 _aHollande
690 _aPrésidentielle
690 _aRousseau
690 _aSarkozy
786 0 _nPhilosophie magazine | 58 | 4 | 2012-04-01 | p. 19-20 | 1951-1787
856 4 1 _uhttps://shs.cairn.info/magazine-philosophie-magazine-2012-4-page-19?lang=fr&redirect-ssocas=7080
999 _c2045908
_d2045908